| 000 | 00725nam a22001457a 4500 | ||
|---|---|---|---|
| 999 |
_c520870 _d520870 |
||
| 008 | 221026b ||||| |||| 00| 0 eng d | ||
| 100 |
_aPurkayastha, B.S. _935535 |
||
| 245 | _aBoosting rural income | ||
| 260 | _aKurushetra | ||
| 300 | _a70(10), Aug, 2022: p.17-22 | ||
| 520 | _aThe role of MSMEs is critical in rural industralisation MSMEs today provide employment to more than 111 million workers with around 63-4 million units scores the country. We need to identify areas for developing rural hubs bossed on rescores, markets and infrastructure, where MSMEs can flourish and ensure employment and income to rural youth. – Reproduced | ||
| 773 | _aKurushetra | ||
| 906 | _aRURAL DEVELOPMENT | ||
| 942 | _cAR | ||